College Quizbowl Stats
College Quizbowl Stats
Circuits
Seasons
Sets
Records
Detailed Stats
About
Loading...
2024 ESPN @ Online
Tossups
Bonuses
Players
Teams
Categories (Tossup)
Categories (Bonus)
Nicholas Tunks
Tunksy-poo
Categories
Category
Powers
Gets
Negs
BBs
Points
Earliest Buzz
Avg. Buzz
First Buzzes
Top 3 Buzzes
Literature - Long Fiction
0
2
0
0
20
99
119.00
1
1
Current Events
1
0
0
0
15
31
31.00
1
1
Geography
1
0
0
0
15
36
36.00
1
1
Fine Arts - Other Fine Arts
0
0
0
0
0
0.00
0
0
Buzzes
Category
Answer
Value
Buzz Position
Current Events
Paris, France
15
31
Geography
Los Angeles metropolitan area
15
36
Literature - Long Fiction
Virginia Woolf
10
99
Literature - Long Fiction
the Moon
10
139
Fine Arts - Other Fine Arts
Paris, France
0
152
Previous
1
Next